|
|
|
|
| LEADER |
00000cam a2200000 7i4500 |
| 001 |
0000002568 |
| 005 |
20080620.0 |
| 008 |
070712 |
| 020 |
|
|
|a 9833312101(set)
|
| 020 |
|
|
|a 9833312128
|
| 090 |
0 |
0 |
|a NAJ
|b MAL (3507)
|
| 100 |
0 |
|
|a Najib A.H
|
| 245 |
1 |
0 |
|a Impian terlaksana
|c Najib A.H
|
| 260 |
|
|
|a Selangor :
|b Penerbit Idaman ,
|c 2006
|
| 440 |
|
|
|a Koleksi novel idaman remaja
|
| 999 |
|
|
|a 0000969515
|b Book
|c Teenagers
|e Perbadanan Perpustakaan Awam Johor
|
| 999 |
|
|
|a 0000969516
|b Book
|c Teenagers
|e Perbadanan Perpustakaan Awam Johor
|
| 999 |
|
|
|a 0000969517
|b Book
|c Teenagers
|e Perbadanan Perpustakaan Awam Johor
|
| 999 |
|
|
|a 0000969518
|b Book
|c Teenagers
|e Perbadanan Perpustakaan Awam Johor
|
| 999 |
|
|
|a 0000969519
|b Book
|c Teenagers
|e Perbadanan Perpustakaan Awam Johor
|